000 00838cab a2200253 4500
001 ABS57548
008 090401t1997 xxu||||| |||| 00| 0 eng d
035 _a(Sirsi) u80626
041 _aeng
100 _aGray, M.
245 _aRural dependence and the rising costs of car use
260 _c1997
350 _a0
490 _aTown & Country Planning
_v66(7/8) July/August 1997, 214-216(3)
520 _aConsiders the dependence of low income groups in rural areas upon car use. Car ownership in rural areas is seen as a necessity because of the absence, cost or inconvenience of public transport. References.
650 _aCAR OWNERSHIP
650 _aLOW INCOME GROUPS
650 _aPUBLIC TRANSPORT
650 _aRURAL AREAS
690 _aRURAL PRACTICE
700 _aMartin, S
942 _n0
948 _c02/09/1997
999 _c50756
_d50756